Literature, culture and history in Mughal north India, 1550-1800 / (Record no. 52453)
[ view plain ]
| 000 -LEADER | |
|---|---|
| fixed length control field | 01355nam a22002897a 4500 |
| 005 - DATE AND TIME OF LATEST TRANSACTION | |
| control field | 20110513152823.0 |
| 008 - FIXED-LENGTH DATA ELEMENTS--GENERAL INFORMATION | |
| fixed length control field | 110513t xxu||||| |||| 00| 0 eng d |
| 010 ## - LCCN (DPL NO) | |
| LC control number | ENG-102484 B-452317 |
| 020 ## - INTERNATIONAL STANDARD BOOK NUMBER | |
| International Standard Book Number | 9788190891813 |
| Terms of availability | 1195.00 |
| 035 ## - SYSTEM CONTROL NUMBER | |
| System control number | EN-86017 B-452317 |
| 037 ## - SOURCE OF ACQUISITION | |
| Source of stock number/acquisition | DBAD/PUB |
| 040 ## - CATALOGING SOURCE | |
| Original cataloging agency | dpl |
| Language of cataloging | Eng |
| 082 ## - DEWEY DECIMAL CLASSIFICATION NUMBER | |
| Classification number | 891.1 |
| 100 ## - MAIN ENTRY--PERSONAL NAME | |
| 9 (RLIN) | 25528 |
| Personal name | Sharma, Sandhya |
| 245 ## - TITLE STATEMENT | |
| Title | Literature, culture and history in Mughal north India, 1550-1800 / |
| Statement of responsibility, etc | by Sandhya Sharma |
| 260 ## - PUBLICATION, DISTRIBUTION, ETC. (IMPRINT) | |
| Place of publication, distribution, etc | Delhi |
| Name of publisher, distributor, etc | Primus Books |
| Date of publication, distribution, etc | 2011 |
| 270 ## - ADDRESS | |
| Address | Virat Bhavan, Mukherjee Nagar Commercial Complex |
| City | Delhi |
| Postal code | 110009 |
| 300 ## - PHYSICAL DESCRIPTION | |
| Extent | x, 241 p.,16 p. of plates : |
| Dimensions | 25cm (Hb) |
| Other physical details | col. ill |
| 500 ## - GENERAL NOTE | |
| General note | Includes bibliographical references (p. [211]-232) and index. |
| 546 ## - LANGUAGE NOTE | |
| Language note | Includes verses in Braj and Sindhi (Sindhi in Devanagari); with English translation |
| 650 ## - SUBJECT ADDED ENTRY--TOPICAL TERM | |
| 9 (RLIN) | 28102 |
| Topical term or geographic name as entry element | Braj poetry |
| General subdivision | History and criticism. |
| Chronological subdivision | 1500-1800 |
| 651 ## - SUBJECT ADDED ENTRY--GEOGRAPHIC NAME | |
| 9 (RLIN) | 28100 |
| 700 ## - ADDED ENTRY--PERSONAL NAME | |
| 9 (RLIN) | 28039 |
| 942 ## - ADDED ENTRY ELEMENTS (KOHA) | |
| Source of classification or shelving scheme | Dewey Decimal Classification |
| Item type | English Books |
| Call number suffix | SHA |
| Classification part | 891.1 |
| Withdrawn status | Lost status | Source of classification or shelving scheme | Damaged status | Not for loan | Collection code | Home library | Current library | Date acquired | Source of acquisition | Cost, normal purchase price | Total Checkouts | Full call number | Barcode | Date last seen | Copy number | Cost, replacement price | Koha item type |
|---|---|---|---|---|---|---|---|---|---|---|---|---|---|---|---|---|---|
| Dewey Decimal Classification | Not For Loan | Non-fiction | Central Library | Central Library | 13/02/2012 | Virtuous Pub./686/14.10.11/05/15.9.11/29.11.11 | 1195.00 | 891.1 SHA | B-452317 | 13/02/2012 | 1 | 1195.00 | English Books | ||||
| Dewey Decimal Classification | Not For Loan | Non-fiction | D.B.Act.Division | D.B.Act.Division | 13/05/2011 | DBAD/PUB | 1195.00 | 891.1 SHA | EN-86017 | 13/05/2011 | 1 | 1195.00 | English Books |
